Lifeguard
| Main Author: | |
|---|---|
| Other Authors: | |
| Format: | Book |
| Published: |
New York :
Time Warner Book ,
2005
|
| Subjects: |
MARC
| LEADER | 00000cam a2200000 7i4500 | ||
|---|---|---|---|
| 001 | 0000008275 | ||
| 005 | 20070914.0 | ||
| 008 | 070914 | ||
| 020 | |a 0446696404 | ||
| 090 | 0 | 0 | |a PAT |b ENG |
| 100 | 1 | |a Patterson, James | |
| 245 | 1 | 0 | |a Lifeguard |c James Patterson and Andrew Gross |
| 260 | |a New York : |b Time Warner Book , |c 2005 | ||
| 650 | 0 | |a Novel | |
| 700 | 0 | |a Gross, Andrew | |
| 999 | |a 0000992256 |b Book |c Adult Collection |e Perbadanan Perpustakaan Awam Johor | ||
| 999 | |a 0000992257 |b Book |c Adult Collection |e Perbadanan Perpustakaan Awam Johor | ||